Tannan's banker's manual : (Record no. 93904)
[ view plain ]
| 000 -LEADER | |
|---|---|
| fixed length control field | 00969nam a22002657a 4500 |
| 005 - DATE AND TIME OF LATEST TRANSACTION | |
| control field | 20150807142844.0 |
| 010 ## - LCCN (DPL NO) | |
| LC control number | ENG-113213-214 |
| 020 ## - INTERNATIONAL STANDARD BOOK NUMBER | |
| International Standard Book Number | 9788180386893 (set of 2 vols.) |
| Terms of availability | 4495.00 (set price) |
| 035 ## - SYSTEM CONTROL NUMBER | |
| System control number | EN-96745-746 |
| 037 ## - SOURCE OF ACQUISITION | |
| Source of stock number/acquisition | DBAD/PUB |
| 082 ## - DEWEY DECIMAL CLASSIFICATION NUMBER | |
| Classification number | 346.54082 |
| 100 ## - MAIN ENTRY--PERSONAL NAME | |
| Personal name | Tannan, M.L. |
| 245 ## - TITLE STATEMENT | |
| Title | Tannan's banker's manual : |
| Statement of responsibility, etc | by M.L. Tannan ; foreworded by M.R. Jayakar |
| 246 ## - VARYING FORM OF TITLE | |
| Title proper/short title | Banker’s manual |
| 250 ## - EDITION STATEMENT | |
| Edition statement | 24th ed. by C. R .Datta [and] S. K. Kataria |
| 260 ## - PUBLICATION, DISTRIBUTION, ETC. (IMPRINT) | |
| Place of publication, distribution, etc | Gurgaon |
| Name of publisher, distributor, etc | LexisNexis |
| Date of publication, distribution, etc | 2011 |
| 270 ## - ADDRESS | |
| Address | 14th Floor, Building No 10 Tower, DLF Cyber City, Phase-II, |
| City | Gurgaon |
| Postal code | 122002 |
| 300 ## - PHYSICAL DESCRIPTION | |
| Extent | 2V.(clxviii,2472p.; clviii,2132p.) |
| Dimensions | 25cm(Hb) |
| 500 ## - GENERAL NOTE | |
| General note | Includes indexes |
| 505 ## - FORMATTED CONTENTS NOTE | |
| Formatted contents note | v.1-Banking law & practice; v.2- Notes and case-law on allied acts, rules and regulation |
| 650 ## - SUBJECT ADDED ENTRY--TOPICAL TERM | |
| Topical term or geographic name as entry element | Banking law |
| Geographic subdivision | India. |
| 700 ## - ADDED ENTRY--PERSONAL NAME | |
| Personal name | Datta, C. R. |
| 700 ## - ADDED ENTRY--PERSONAL NAME | |
| Personal name | Kataria, S. K. |
| 942 ## - ADDED ENTRY ELEMENTS (KOHA) | |
| Source of classification or shelving scheme | Dewey Decimal Classification |
| Item type | English Books |
| Call number suffix | TAN |
| Classification part | 346.54082 |
| Withdrawn status | Lost status | Materials specified (bound volume or other part) | Not for loan | Collection code | Home library | Current library | Date acquired | Source of acquisition | Cost, normal purchase price | Full call number | Barcode | Copy number | Cost, replacement price | Koha item type |
|---|---|---|---|---|---|---|---|---|---|---|---|---|---|---|
| v.1 | Not For Loan | Non-fiction | D.B.Act.Division | D.B.Act.Division | 25/05/2015 | DBAD/PUB | 4495.00 | 346.54082 TAN | EN-96745 | 1 | 4495.00 | English Books | ||
| v.2 | Not For Loan | Non-fiction | D.B.Act.Division | D.B.Act.Division | 25/05/2015 | DBAD/PUB | 4495.00 | 346.54082 TAN | EN-96746 | 1 | 4495.00 | English Books |
